Culture Générale - Série 848 - Statistiques

Statistiques générales
  • Ce quiz a été pris 105 fois
  • Le résultat moyen est 3 sur 10
Statistiques - réponses
Question Réponse % Correct
De quel fruit la griotte est-elle une variété ? cerise
93%
Essoriller quelqu'un, c'est lui couper les ... oreilles
71%
La brosse ronde munie d'un long manche, qui sert à nettoyer les plafonds s'appelle : une tête-de-... loup
49%
Sur quelle île de l'Atlantique trouverez-vous les plages de Gatseau et des Saumonards ? île d'Oléron
43%
Dans la mythologie celtique, de quel pays Tara est-elle la capitale mythique ? Irlande
29%
Quel était le prénom usuel du père de Wolfgang Amadeus Mozart, lui-même compositeur ? Leopold
21%
Quel réalisateur a mis en scène Ingrid Bergman dans "Les Amants du Capricorne" ? Alfred Hitchcock
16%
Dans la navigation maritime, comment appelle-t-on un point de repère terrestre fixe et identifiable sans ambiguïté (phare,clocher...) ? amer
11%
Comment appelle-t-on les habitants du Vésinet ? Vésigondins
8%
Sous quel nom connait-on mieux l'insecte appelé " lucilie soyeuse" ? mouche verte
7%
Aucun quiz correspondant
Distribution des résultats
% des personnes avec chaque résultat
Percentile par nombre de réponses
Votre historique - résultats
Vous n’avez pas pris ce quiz